CITIES AND URBAN LIFE (Record no. 19432)

MARC details
000 -LEADER
fixed length control field 00334nam a22001577a 4500
003 - CONTROL NUMBER IDENTIFIER
control field SGT
020 ## - INTERNATIONAL STANDARD BOOK NUMBER
International Standard Book Number 9789332550308
082 ## - DEWEY DECIMAL CLASSIFICATION NUMBER
Classification number 155.9,MAC
100 ## - MAIN ENTRY--PERSONAL NAME
Personal name MACIONNIS, JOHAN J.
245 ## - TITLE STATEMENT
Title CITIES AND URBAN LIFE
250 ## - EDITION STATEMENT
Edition statement 5TH
260 ## - PUBLICATION, DISTRIBUTION, ETC. (IMPRINT)
Place of publication, distribution, etc NOIDA
Name of publisher, distributor, etc PEARSON
Year of Publication 2015
300 ## - PAGE DESCRIPTION
No. of Pages 456
650 ## - SUBJECT ADDED ENTRY--TOPICAL TERM
Topical term or geographic name as entry element PYCHOLOGY
942 ## - ADDED ENTRY ELEMENTS (KOHA)
Source of classification or shelving scheme Dewey Decimal Classification
Koha item type Books
Holdings
Withdrawn status Lost status Source of classification or shelving scheme Damaged status Not for loan Collection code Home library Current library Shelving location Date acquired Vendor Name Cost, normal purchase price SGTU Bill Number Total Checkouts Full call number Accession No. (Barcode) Date last seen Bill Date Koha item type
    Dewey Decimal Classification     ENGINEERING SGT Engineering Library SGT Engineering Library Reference Book 08/11/2019 AHUJA BOOK COMPANY 689.00 SGTU 11497   155.9,MAC FE7795 08/11/2019 19/10/2019 Books